000 00369nam a2200133Ia 4500
005 20260328101441.0
008 260328s9999||||xx |||||||||||||| ||und||
100 _aChing, Francis D.K.
245 0 _aArchitecture :
_b Form, Space and order /
_cFrancis D.K. Ching
260 _bVan Nostrand Reinhold
300 _a394 p.
650 _aARQUITECTURA - ELEMENTOS
942 _cBK
999 _c8273
_d8273